[Event "Bottom-Half Class U1900"]
[Site "Romulus, MI"]
[Date "2002.06.21"]
[Round "1.7"]
[White "Burwell, Raymond"]
[Black "Skidmore, Jennifer"]
[Result "0-1"]
[WhiteElo "1758"]
[BlackElo "1832"]
[Annotator "Tim McGrew"]
[PlyCount "44"]
[EventDate "2002.06.21"]

{Philidor: Nimzovich} 1. e4 e5 2. Nf3 d6 3. d4 Nf6 {A couple of decades ago I
faced the Philidor for the first time in a skittles game against an expert.
Incredulous, I stared at him. "Isn't that refuted?" I asked naively. "Only if
you know the refutation!" he replied. And of course, the Philidor is not
refuted at all; it is just out of fashion, which makes it an excellent
practical weapon.} 4. dxe5 Nxe4 5. Bc4 (5. Qd5 {is the acid test here, but of
course Philidor players will know it well.}) 5... c6 6. exd6 Bxd6 (6... Nxd6 {
might be even more accurate, withdrawing the exposed knight with a gain of
time.}) 7. O-O O-O 8. Nbd2 ({Tony Kosten gives} 8. Qd4 {in his book on the
Philidor, but I don't see anything special for White after} Bf5) 8... Ng5 9.
Nxg5 Qxg5 10. Ne4 $2 {The lure of this fork was too great, but as John Nunn
reminds us in Secrets of Practical Chess, LPDO. (Loose pieces drop off!)} Bxh2+
$1 11. Kxh2 Qh4+ 12. Kg1 Qxe4 {White's problem is not that he is a pawn down
-- lots of us like being a pawn down -- but that he has literally nothing to
show for the pawn. Even trades will move the game inexorably toward a won pawn
ending for Black.} 13. Bd3 Qh4 14. Re1 f5 $6 {This doesn't look like the best
way to follow up on Black's excellent play so far. Some development with 14...
Bg4 is called for, but now that move will be unavailable because the f-pawn
blocks the bishop's diagonal.} 15. Qe2 (15. b3 $5 {looks better, activating
the dark square bishop right away at a3.}) 15... Nd7 16. Bc4+ Kh8 17. Bd2 Nf6 {
The knight's entry into the struggle makes up for Black's leisurely attitude
toward connecting her rooks. Now 18...Ng4 is a strong threat.} 18. Qe7 (18. Bb4
{fails to} Ng4 $1 19. Bd6 f4 20. Bxf4 Nxf2 $1 21. Qxf2 Qxf2+ 22. Kxf2 Rxf4+ 23.
Kg3 Rg4+ 24. Kh2 Bf5 $17) 18... Bd7 19. Bf7 f4 20. Re5 f3 $5 21. Bg5 $2 {There
won't be any comebacks after this oversight.  DIAGRAM} (21. gxf3 {looks
horrible, but Black still has to find a knockout.}) 21... Qg4 $1 {Pattern
recognition is everything!} 22. g3 Qh3 0-1

[Event "Bottom-Half Class U1300"]
[Site "Romulus, MI"]
[Date "2002.06.21"]
[Round "1.18"]
[White "Brooks, Brandon"]
[Black "Mandell, Ed"]
[Result "1-0"]
[WhiteElo "1130"]
[BlackElo "1298"]
[PlyCount "69"]
[EventDate "2002.06.21"]

1. c4 c5 2. Nc3 Nc6 3. Nf3 e5 4. d3 g6 5. g3 d6 6. Bg2 Bg7 7. e4 Nf6 8. O-O h5
9. Nh4 Bh6 10. Bxh6 Rxh6 11. Qd2 Rh7 12. Nf3 Bd7 13. Nb5 Bc8 14. Ng5 Rh8 15. f4
a6 16. Nc3 h4 17. gxh4 Rxh4 18. fxe5 dxe5 19. Qf2 Rg4 20. Nh7 Rf4 21. Nxf6+
Qxf6 22. Nd5 Qd6 23. Qg3 Rxf1+ 24. Rxf1 f5 25. Qh4 Ne7 26. Nf6+ Kd8 27. Qh8+
Ng8 28. Qxg8+ Ke7 29. Nd5+ Kd7 30. Qf7+ Kc6 31. Ne7+ Kb6 32. Nxg6 Be6 33. Qf6
Rc8 34. exf5 Rc6 35. Bxc6 1-0

[Event "Bottom-Half Class U1300"]
[Site "Romulus, MI"]
[Date "2002.06.21"]
[Round "1.19"]
[White "Adams, Barry"]
[Black "Williams, Marcus"]
[Result "1-0"]
[WhiteElo "1271"]
[BlackElo "1087"]
[PlyCount "131"]
[EventDate "2002.06.21"]

1. e4 c5 2. Nf3 e6 3. d4 cxd4 4. Nxd4 Nf6 5. Bg5 Be7 6. e5 Qa5+ 7. c3 Qxe5+ 8.
Be3 Nd5 9. Nf3 Nxe3 10. Nxe5 Nxd1 11. Kxd1 O-O 12. Nd2 d6 13. Ng4 Nc6 14. Kc2
Bd7 15. Bd3 f5 16. Ne3 Ne5 17. Be2 Bc6 18. f4 Ng6 19. Rhf1 a6 20. g3 b5 21. Nb3
Be4+ 22. Bd3 Bxd3+ 23. Kxd3 Bf6 24. Rad1 Rad8 25. Na5 Ne7 26. Kc2 Rd7 27. Rfe1
Rfd8 28. c4 Rc7 29. Kb1 Kf7 30. c5 d5 31. b4 Nc6 32. Nxc6 Rxc6 33. Rd3 Ra8 34.
Nc2 a5 35. a3 axb4 36. axb4 Rca6 37. Kc1 g5 38. Ree3 gxf4 39. gxf4 Ra2 40. Rb3
R8a6 41. Kb1 Ke7 42. Kc1 Kd7 43. Kd1 Ke7 44. Ra3 R6xa3 45. Rxa3 Rxa3 46. Nxa3
Bc3 47. Nc2 Kd7 48. Ke2 Kc6 49. Kd3 Bxb4 50. Nxb4+ Kxc5 51. Nc2 d4 52. Nxd4 Kd5
53. Nxb5 e5 54. Ke3 e4 55. Nd4 Kd6 56. Nxf5+ Ke6 57. Kxe4 Kf6 58. h4 h5 59. Ng3
Kg6 60. Ke5 Kh6 61. Ke6 Kg6 62. f5+ Kh6 63. f6 Kg6 64. f7 Kh7 65. Kf6 Kh6 66.
f8=Q+ 1-0

[Event "Bottom-Half Class U1500"]
[Site "Romulus, MI"]
[Date "2002.06.22"]
[Round "3.15"]
[White "Wood, Jack"]
[Black "Saylor, Oliver"]
[Result "1/2-1/2"]
[WhiteElo "1412"]
[BlackElo "1333"]
[PlyCount "70"]
[EventDate "2002.06.21"]

1. e4 e5 2. Nf3 Nc6 3. Nc3 Nf6 4. g3 Bc5 5. Bg2 O-O 6. d3 d5 7. exd5 Nxd5 8.
Nxd5 Qxd5 9. O-O Bg4 10. h3 Bh5 11. Be3 Qd6 12. Bxc5 Qxc5 13. g4 Bg6 14. Nh4
Ne7 15. Qe2 c6 16. Qe3 Qd6 17. Rfe1 f6 18. f4 Nd5 19. Bxd5+ Qxd5 20. Nxg6 hxg6
21. fxe5 c5 22. exf6 Rxf6 23. Qe4 Qd6 24. Qe5 Qb6 25. Qd5+ Kh7 26. Qc4 Qc7 27.
Qe4 Raf8 28. Rf1 Rxf1+ 29. Rxf1 Rxf1+ 30. Kxf1 b6 31. Kg2 Qf7 32. c4 Qf6 33.
Qe2 Qc6+ 34. Kg1 Qd6 35. Kg2 Qc6+ 1/2-1/2

[Event "Bottom-Half Class U1500"]
[Site "Romulus, MI"]
[Date "2002.06.22"]
[Round "2.16"]
[White "Wood, Jack"]
[Black "Fick II, Douglas"]
[Result "1-0"]
[WhiteElo "1412"]
[BlackElo "1308"]
[PlyCount "73"]
[EventDate "2002.06.21"]

1. d4 Nf6 2. Nf3 g6 3. g3 Bg7 4. Bg2 O-O 5. c4 d6 6. O-O Nc6 7. Nc3 e5 8. dxe5
Nxe5 9. Nxe5 dxe5 10. Bg5 c6 11. Qxd8 Rxd8 12. Ne4 Nxe4 13. Bxd8 Nd2 14. Rfc1
Be6 15. Ba5 Nxc4 16. Bc3 Rd8 17. Rd1 Re8 18. b3 Nb6 19. e4 f6 20. Ba5 Nd7 21.
Bf1 b6 22. Bc3 Nc5 23. f3 Bh6 24. Bb4 Be3+ 25. Kg2 Nb7 26. Ba6 Nc5 27. Bxc5
Bxc5 28. Bc4 Bxc4 29. bxc4 Bd4 30. Rab1 c5 31. a4 Kf7 32. Rb5 Ke7 33. a5 Rb8
34. axb6 a6 35. Rb3 Rb7 36. Rdb1 f5 37. exf5 1-0

[Event "Bottom-Half Class Top Section"]
[Site "Romulus, MI"]
[Date "2002.06.22"]
[Round "2.2"]
[White "Williams, Ron"]
[Black "Szpisjak, Steve"]
[Result "0-1"]
[WhiteElo "1952"]
[BlackElo "2230"]
[PlyCount "74"]
[EventDate "2002.06.21"]

1. c4 e5 2. Nc3 Bb4 3. g3 Bxc3 4. bxc3 d6 5. Bg2 f5 6. Nf3 e4 7. Nd4 Nf6 8. O-O
O-O 9. Rb1 c5 10. Nc2 Nc6 11. d4 Qa5 12. Bf4 Rd8 13. Qd2 Qxa2 14. Bg5 Qxc4 15.
Bxf6 gxf6 16. d5 Ne7 17. Rfd1 Qa4 18. Rb2 Qe8 19. Rdb1 b6 20. Na3 Ba6 21. c4
Ng6 22. Bh3 Qe5 23. Ra2 f4 24. Rba1 Bc8 25. Bxc8 Rdxc8 26. Nb5 a5 27. Rb1 e3
28. gxf4 exf2+ 29. Kxf2 Nxf4 30. Ra3 Ng6 31. Kg1 Kh8 32. Rg3 Rg8 33. Rbb3 f5
34. Nc7 f4 35. Rg2 Nh4 36. Rxg8+ Rxg8+ 37. Kf1 Qa1+ 0-1

[Event "Bottom-Half Class Top Section"]
[Site "Romulus, MI"]
[Date "2002.06.22"]
[Round "2.5"]
[White "Vandivier, Don"]
[Black "Sudharsan, Krishnan"]
[Result "0-1"]
[WhiteElo "2010"]
[BlackElo "1917"]
[Annotator "Don Vandivier"]
[PlyCount "46"]
[EventDate "2002.06.21"]

1. e4 e6 2. d4 d5 3. Nc3 Bb4 4. Bd2 dxe4 5. Qg4 Nf6 6. Qxg7 Rg8 7. Qh6 Qxd4 8.
Nge2 Qd8 9. O-O-O Bf8 10. Qh4 (10. Qe3 $2 Ng4 11. Qg3 f5) 10... Qe7 $2 (10...
Rg4 {is a better try but White still comes out ahead.} 11. Qh3 Bd7 12. Ng3 e5
13. Be2 Nc6 $1 14. Bxg4 Bxg4 15. Qh4 Bxd1 16. Rxd1 Be7 17. Ncxe4 Nxe4 18. Qxe4
Qd6 19. Qxh7 Qg6 20. Qh8+ Bf8 21. Be3) 11. Bg5 Rg6 12. Nf4 Rxg5 {only move.}
13. Qxg5 h6 14. Qh4 Bd7 15. g3 Bc6 16. Bg2 Nbd7 17. Rhe1 Qb4 {Now study this
position. I thought either Nh5 or Nh3 was very good. However, I overlooked the
stunning attack on c3! What attack you ask?} 18. Nh3 $2 (18. Nh5 $1 Nxh5 19.
Qxh5 Bg7 20. a3 Qb6 21. Bxe4 Bxe4 22. Rxe4 Nf6 23. Qb5+ {and White should win.}
) 18... Bg7 $3 {Suddenly I have a difficult position. I can't take the e-pawn
because I get checkmated! and Black threatens at some point Nd5 with a triple
attack on my c3 knight.} 19. Qf4 {I figured Black can't play 19...Nd5 cause
I'll just take the e-pawn and he has to exchange queens.} Nd5 $1 20. Qxe4 $4 {
LOSES!!!} Nxc3 $3 21. Qxb4 Nxa2+ 22. Kb1 Nxb4 23. Bxc6 Nxc6 {pretty disgusting.
} 0-1

[Event "Bottom-Half Class U1900"]
[Site "Romulus, MI"]
[Date "2002.06.22"]
[Round "2.9"]
[White "Turner, Darrell"]
[Black "Sobh, Hassan"]
[Result "0-1"]
[WhiteElo "1781"]
[BlackElo "1843"]
[PlyCount "61"]
[EventDate "2002.06.21"]

1. e4 Nc6 2. d4 e6 3. Nf3 Nf6 4. e5 Ng8 5. c4 d5 6. Nc3 h6 7. Be3 Nge7 8. cxd5
exd5 9. Qb3 a6 10. Rd1 Rb8 11. Bd3 b5 12. O-O Na5 13. Qc2 Bg4 14. b3 Nec6 15.
Ne2 Be7 16. Bd2 O-O 17. Qc1 Qd7 18. Bxh6 gxh6 19. Qxh6 Bf5 20. Ng3 Bxd3 21.
Rxd3 Qe6 22. Qf4 f5 23. Ng5 Qg6 24. h4 Nd8 25. e6 Bxg5 26. hxg5 Nxe6 27. Qd2
Nb7 28. Re1 Nd6 29. Nh5 Ne4 30. Qe2 N6xg5 31. Nf4 0-1

[Event "Bottom-Half Class Top Section"]
[Site "Romulus, MI"]
[Date "2002.06.22"]
[Round "3.1"]
[White "Szpisjak, Steve"]
[Black "Finegold, Ben"]
[Result "1/2-1/2"]
[WhiteElo "2230"]
[BlackElo "2639"]
[PlyCount "115"]
[EventDate "2002.06.21"]

1. e4 c5 2. c3 d5 3. exd5 Qxd5 4. Nf3 Nf6 5. d4 Bg4 6. Nbd2 Nc6 7. Bc4 Bxf3 8.
Qb3 Na5 9. Qb5+ Qd7 10. Nxf3 Nxc4 11. Qxc4 cxd4 12. Nxd4 Rc8 13. Qb5 Qxb5 14.
Nxb5 a6 15. Nd4 g6 16. Ke2 Bg7 17. Rd1 O-O 18. Bd2 Ne4 19. Be1 Rc5 20. Nb3 Re5
21. Kf1 Nd6 22. Rac1 Rc8 23. Rc2 f5 24. Re2 Nc4 25. Rb1 Rxe2 26. Kxe2 e5 27.
Nd2 Nb6 28. Rc1 Nd5 29. g3 e4 30. f3 exf3+ 31. Nxf3 Re8+ 32. Kf2 Nf6 33. Bd2
Ne4+ 34. Kf1 Bf6 35. Be1 Rd8 36. Ke2 Nc5 37. Bf2 Re8+ 38. Kf1 Nd3 39. Rc2 g5
40. Ne1 Nxe1 41. Bxe1 Kf7 42. c4 g4 43. Bd2 h5 44. b4 h4 45. gxh4 Bxh4 46. c5
Bf6 47. c6 bxc6 48. Rxc6 Be5 49. Bc3 Re6 50. Rxe6 Kxe6 51. a4 Kd5 52. b5 axb5
53. axb5 Kc5 54. Ke2 f4 55. Kd3 Kxb5 56. Ke4 f3 57. Ke3 Kc5 58. h3 1/2-1/2

[Event "Bottom-Half Class U1900"]
[Site "Romulus, MI"]
[Date "2002.06.22"]
[Round "3.7"]
[White "Skidmore, Jennifer"]
[Black "Kahn, Aaron"]
[Result "0-1"]
[WhiteElo "1832"]
[BlackElo "1800"]
[PlyCount "72"]
[EventDate "2002.06.21"]

1. e4 Nf6 2. Nc3 d5 3. e5 Ne4 4. f4 Nxc3 5. bxc3 c5 6. Bb2 Nc6 7. Bb5 Bd7 8.
Nf3 Nxe5 9. fxe5 Bxb5 10. e6 f6 11. d3 Qb6 12. Qe2 g6 13. O-O Bg7 14. Rab1 Qa6
15. Qe3 b6 16. Nd2 O-O 17. g4 Qa4 18. c4 d4 19. Qe2 Bc6 20. c3 dxc3 21. Bxc3
Rad8 22. Rb2 Bb7 23. h4 Qc6 24. Nf3 Rd6 25. g5 Rxe6 26. Qg2 Re3 27. Rbf2 fxg5
28. Bxg7 Kxg7 29. Qxg5 Re6 30. Qg3 Kg8 31. Qh2 Ref6 32. Qh3 Rxf3 33. Rxf3 Rxf3
34. Rxf3 Qxf3 35. Qe6+ Kf8 36. Qe5 Qg2# 0-1

[Event "Bottom-Half Class U1900"]
[Site "Romulus, MI"]
[Date "2002.06.22"]
[Round "2.6"]
[White "Skidmore, Jennifer"]
[Black "Gadson, Joseph"]
[Result "0-1"]
[WhiteElo "1832"]
[BlackElo "1730"]
[Annotator "Tim McGrew"]
[PlyCount "50"]
[EventDate "2002.06.21"]

{King's Gambit Accepted: Bishop's Gambit} 1. e4 e5 2. f4 exf4 3. Bc4 $5 {An
interesting theretical sideline that featured in Bobby Fischer's repertoire at
one point.} Qh4+ {It is hard for Black to resist this check, but as it turns
out White's king is quite safe on f1.} (3... Nf6 $5 {is the most testing line,
according to Korchnoi and Zak.}) 4. Kf1 Nf6 ({Garry Kasparov was compelled to
play} 4... b5 $2 {in a "theme" match against Nigel Short as a sideshow to
their 1993 match. The continuation was brutal:} 5. Bxb5 Nf6 6. Nf3 Qh6 7. Nc3
g5 8. d4 Bb7 9. h4 Rg8 10. Kg1 gxh4 11. Rxh4 Qg6 12. Qe2 Nxe4 13. Rxf4 f5 14.
Nh4 Qg3 15. Nxe4 {and a disgusted World Champion threw in the towel.}) 5. Nc3
$2 {This is hard to comprehend.} (5. Nf3 $1 {is the natural and logical move,
kicking the queen before Black has time to focus any attention on f2.}) 5...
Ng4 $1 6. Nh3 {Forced if White wants to shield both f2 and h2.} Ne5 7. Bb3 {
DIAGRAM} f3 $1 {Very energetic play by Black. It is astonishing that with just
two pieces and a pawn he can cause this much trouble.} 8. d4 b6 9. dxe5 $2 ({
One last mistake.} 9. Nf2 {was essential.}) 9... Ba6+ {Now there is only pain
and suffering for White.} 10. Qd3 (10. Kg1 {walks into} Bc5+ $1 11. Nf2 Bxf2#)
10... Bxd3+ 11. cxd3 fxg2+ 12. Kxg2 Qg4+ 13. Kf2 Bc5+ 14. Be3 Bxe3+ 15. Kxe3
Qxh3+ 16. Kd2 Qg2+ 17. Ke3 Qg5+ 18. Ke2 Nc6 19. Nb5 Qxe5 20. Nc3 Nd4+ 21. Ke3
Qg5+ 22. Kf2 Qf4+ 23. Ke1 Qe3+ 24. Kd1 Nf3 25. Nd5 Qd2# 0-1

[Event "Bottom-Half Class U1700"]
[Site "Romulus, MI"]
[Date "2002.06.22"]
[Round "2.11"]
[White "Schey, Danny"]
[Black "Katsuhara, Osamu"]
[Result "0-1"]
[WhiteElo "1649"]
[BlackElo "1549"]
[PlyCount "111"]
[EventDate "2002.06.21"]

1. c4 Nf6 2. Nc3 g6 3. e4 d6 4. d4 Bg7 5. f3 O-O 6. Be3 e5 7. d5 a5 8. Nge2 Na6
9. a3 Nc5 10. Nc1 Ne8 11. Nd3 Nxd3+ 12. Bxd3 f5 13. Qd2 f4 14. Bf2 g5 15. O-O-O
Nf6 16. Kb1 Bd7 17. c5 Kh8 18. cxd6 cxd6 19. Rc1 Rg8 20. Qe2 Bf8 21. g4 Be7 22.
h4 gxh4 23. Bxh4 Ne8 24. Be1 Nc7 25. Qh2 Rg7 26. Bf2 Na6 27. Nb5 Qe8 28. Nc7
Nxc7 29. Rxc7 b5 30. Be1 Qd8 31. Qc2 Bg5 32. Bd2 Qb8 33. Rc1 Bd8 34. Rc3 b4 35.
axb4 axb4 36. Rb3 Ba4 37. Qc4 Bxb3 38. Qxb3 Rb7 39. Rc4 Qa7 40. Rxb4 Rc7 41.
Bc4 Qa1+ 42. Kc2 Rac8 43. Bc3 Qg1 44. Kd2 Qf2+ 45. Kc1 Kg8 46. Bxe5 Qf1+ 47.
Kd2 Rxc4 48. Rxc4 Rxc4 49. Bc3 Qf2+ 50. Kc1 Qe1+ 51. Kc2 Qe2+ 52. Kb1 Qd3+ 53.
Ka2 Rc8 54. Qb7 Qc4+ 55. Kb1 Qc7 56. Qb3 {White forfeits on time} 0-1

[Event "Bottom-Half Class U1500"]
[Site "Romulus, MI"]
[Date "2002.06.22"]
[Round "2.17"]
[White "Saylor, Oliver"]
[Black "Imai, Toshio"]
[Result "1-0"]
[WhiteElo "1333"]
[BlackElo "1410"]
[PlyCount "31"]
[EventDate "2002.06.21"]

1. e4 e5 2. Nf3 f5 3. d3 Nc6 4. Nc3 Bc5 5. Be2 Nf6 6. Bg5 h6 7. Be3 Bb6 8. exf5
d5 9. d4 exd4 10. Nxd4 Nxd4 11. Bxd4 Bxd4 12. Qxd4 c5 13. Qxc5 Bxf5 14. O-O
Bxc2 15. Nxd5 Rc8 16. Nxf6+ 1-0

[Event "Bottom-Half Class Top Section"]
[Site "Romulus, MI"]
[Date "2002.06.22"]
[Round "2.4"]
[White "O'Donnell, Robert"]
[Black "Baze, Lineas"]
[Result "1-0"]
[WhiteElo "2157"]
[BlackElo "2003"]
[PlyCount "75"]
[EventDate "2002.06.21"]

1. d4 Nf6 2. c4 g6 3. Nc3 Bg7 4. e4 d6 5. Nf3 O-O 6. Be2 e5 7. Be3 Nc6 8. d5
Ne7 9. Nd2 c5 10. g4 Qd7 11. f3 Ne8 12. g5 Qh3 13. Bf2 Qg2 14. Rg1 Qxh2 15. Rg3
h6 16. Nf1 Qh1 17. f4 hxg5 18. Bf3 Qh8 19. fxg5 f6 20. gxf6 Bxf6 21. Rg2 Bh4
22. Ng3 Qf6 23. Be2 Ng7 24. Qd3 Qf4 25. Kd1 Bd7 26. Be3 Qf7 27. Kc2 a6 28. Rh1
Bf6 29. Rgh2 Ne8 30. Bh6 Ng7 31. Bg5 Ne8 32. Rf1 Qg7 33. Bh6 Qh7 34. Rfh1 Qf7
35. Bxf8 Qxf8 36. Qe3 b5 37. Qf2 b4 38. Rh8+ 1-0

[Event "Bottom-Half Class U1700"]
[Site "Romulus, MI"]
[Date "2002.06.22"]
[Round "3.11"]
[White "Moore, Robert"]
[Black "Schey, Danny"]
[Result "0-1"]
[WhiteElo "1600"]
[BlackElo "1649"]
[PlyCount "132"]
[EventDate "2002.06.21"]

1. e4 c5 2. Nf3 Nc6 3. d4 cxd4 4. Nxd4 Nf6 5. Nc3 e5 6. Ndb5 d6 7. Bg5 a6 8.
Na3 b5 9. Nd5 Be7 10. Bxf6 Bxf6 11. c4 b4 12. Nc2 Bg5 13. b3 a5 14. Be2 O-O 15.
O-O Be6 16. Kh1 Bxd5 17. cxd5 Ne7 18. Bd3 Ng6 19. g3 Rc8 20. Bc4 f5 21. f3 fxe4
22. fxe4 Rxf1+ 23. Qxf1 Qe7 24. Qe2 Rf8 25. Ne3 Bxe3 26. Qxe3 Rf6 27. Rf1 Rxf1+
28. Bxf1 Qc7 29. Bc4 Nf8 30. Qg5 Qf7 31. Kg2 Qg6 32. Qxg6 Nxg6 33. Kf3 Kf7 34.
Bd3 Kf6 35. Bb5 Kg5 36. h4+ Kf6 37. h5 Nf8 38. g4 Kg5 39. Kg3 h6 40. Be8 Nh7
41. Bg6 Nf6 42. Bf5 Ne8 43. Bd7 Nc7 44. Kf3 Na6 45. Bb5 Nc5 46. Bf1 Nd7 47. Ba6
Kf6 48. Bb5 Nc5 49. Bc4 Ke7 50. Bb5 Kd8 51. Ke3 Kc7 52. Bc6 Kb6 53. Be8 Na6 54.
Bc6 Kc5 55. Bd7 Nc7 56. Bc6 Na6 57. Bd7 Kb6 58. Bc6 Nc5 59. Be8 a4 60. Bxa4
Nxa4 61. bxa4 Ka5 62. Kd3 Kxa4 63. Kc4 Ka5 64. a3 bxa3 65. Kb3 a2 66. Kxa2 Kb4
0-1

[Event "Bottom-Half Class U1300"]
[Site "Romulus, MI"]
[Date "2002.06.22"]
[Round "3.22"]
[White "McShan, Kwame"]
[Black "Gregg, Ted"]
[Result "1-0"]
[WhiteElo "866"]
[BlackElo "1133"]
[PlyCount "104"]
[EventDate "2002.06.21"]

1. d4 f5 2. Nf3 Nf6 3. Bg5 e6 4. Nbd2 Be7 5. Bxf6 Bxf6 6. e4 fxe4 7. Nxe4 O-O
8. c3 d6 9. Bd3 Nd7 10. O-O g6 11. Qd2 Bg7 12. Rae1 e5 13. Bc4+ Kh8 14. Nfg5
Nf6 15. Nf7+ Rxf7 16. Bxf7 Nxe4 17. Rxe4 Bf5 18. Ree1 Qf6 19. Bb3 Rd8 20. Re2
exd4 21. cxd4 Qxd4 22. Qa5 Qc5 23. Qd2 Be5 24. Rc1 Qd4 25. Qxd4 Bxd4 26. Rxc7
Be5 27. Rxb7 Rc8 28. f3 Rc1+ 29. Kf2 Bd3 30. Rxe5 dxe5 31. Rxa7 e4 32. fxe4
Bxe4 33. Re7 Bf5 34. a4 Bc2 35. Rc7 Bxb3 36. Rxc1 Bxa4 37. Rc7 h5 38. g3 Kg8
39. Rb7 Kf8 40. b3 Bc6 41. Ra7 Ke8 42. Rg7 Be4 43. Ke3 Bf5 44. b4 Kf8 45. Rc7
Ke8 46. b5 Kd8 47. b6 g5 48. Ra7 Kc8 49. Kd4 h4 50. gxh4 gxh4 51. Ke5 Bg4 52.
Ra4 Bf3 {Remainder illegible} 1-0

[Event "Bottom-Half Class U1700"]
[Site "Romulus, MI"]
[Date "2002.06.22"]
[Round "2.13"]
[White "Loo, James"]
[Black "Moore, Robert"]
[Result "1/2-1/2"]
[WhiteElo "1689"]
[BlackElo "1600"]
[PlyCount "108"]
[EventDate "2002.06.21"]

1. c4 Nf6 2. Nc3 d6 3. g3 g6 4. Bg2 Bg7 5. e3 O-O 6. Nge2 e5 7. O-O c6 8. d3
Be6 9. h3 d5 10. b3 Qd7 11. Kh2 e4 12. Nd4 Rd8 13. c5 Na6 14. Ba3 Nc7 15. Rc1
b6 16. f3 exf3 17. Rxf3 Nfe8 18. Nce2 Bh6 19. Nf4 b5 20. Qd2 Bxf4 21. Rxf4 Ng7
22. Rcf1 Nf5 23. Bb2 Nxd4 24. Bxd4 h6 25. Bf6 Rf8 26. Rh4 Ne8 27. Bb2 Kh7 28.
e4 h5 29. g4 Qe7 30. g5 Ng7 31. b4 Qc7+ 32. Rhf4 dxe4 33. Bxe4 Bf5 34. Bxg7
Kxg7 35. Bxf5 gxf5 36. Qb2+ Kg8 37. Kh1 Qd7 38. R1f3 Rae8 39. Qd2 Re5 40. d4
Rfe8 41. Rf2 Re1+ 42. Kh2 Qd5 43. Kg3 R8e3+ 44. Kh4 Qh1 45. Rh2 Qd5 46. Rhf2
Re4 47. Rxe4 Rxe4+ 48. Rf4 Kg7 49. Qf2 Kg6 50. a3 Rxf4+ 51. Qxf4 Qe4 52. Kg3
Qe1+ 53. Kh2 Qe2+ 54. Kg1 Qe1+ 1/2-1/2

[Event "Bottom-Half Class U1700"]
[Site "Romulus, MI"]
[Date "2002.06.22"]
[Round "3.13"]
[White "Loo, James"]
[Black "Griffin, John"]
[Result "1/2-1/2"]
[WhiteElo "1689"]
[BlackElo "1500"]
[PlyCount "76"]
[EventDate "2002.06.21"]

1. c4 c5 2. Nc3 Nf6 3. g3 d5 4. cxd5 Nxd5 5. Bg2 Nc7 6. d3 e5 7. Be3 Nc6 8. Rc1
Bd7 9. Nf3 f6 10. Nd2 Rb8 11. Nce4 b6 12. Nc4 Be7 13. Ncd6+ Bxd6 14. Nxd6+ Ke7
15. Ne4 Ne6 16. O-O Nb4 17. a3 Nd5 18. Bd2 h6 19. b4 cxb4 20. axb4 Ndc7 21. Nc3
Re8 22. Ra1 a6 23. Qb1 Kf8 24. Rc1 Bc8 25. Be4 Bb7 26. Bxb7 Rxb7 27. e3 Ng5 28.
Kg2 Qd7 29. Kf1 Qh3+ 30. Ke2 Qh5+ 31. Kf1 Qxh2 32. Ne4 Qh1+ 33. Ke2 Qf3+ 34.
Kf1 Nce6 35. Nd6 Qh1+ 36. Ke2 Qf3+ 37. Kf1 Qh1+ 38. Ke2 Qf3+ 1/2-1/2

[Event "Bottom-Half Class U1700"]
[Site "Romulus, MI"]
[Date "2002.06.22"]
[Round "3.9"]
[White "Katsuhara, Osamu"]
[Black "Ryan, Mark"]
[Result "1/2-1/2"]
[WhiteElo "1549"]
[BlackElo "1669"]
[PlyCount "104"]
[EventDate "2002.06.21"]

1. e4 c5 2. Nf3 Nc6 3. d4 cxd4 4. Nxd4 Nf6 5. Nc3 e5 6. Ndb5 d6 7. Bg5 a6 8.
Na3 b5 9. Nd5 Qa5+ 10. Bd2 Qd8 11. Bg5 Be7 12. Bxf6 Bxf6 13. c3 O-O 14. Nc2 Bg5
15. a4 bxa4 16. Rxa4 Ne7 17. Nce3 Bxe3 18. Nxe3 f5 19. Nxf5 Bxf5 20. exf5 Rxf5
21. Bd3 Rf6 22. O-O a5 23. Rh4 Ng6 24. Bc4+ Kf8 25. Rxh7 Ra7 26. Qd5 Raf7 27.
Bd3 Ke7 28. Bxg6 Rxg6 29. Ra1 Qb6 30. Qd2 Rgf6 31. Rf1 Qc5 32. Rh3 Rg6 33. Re3
Rf4 34. Qe2 Rgf6 35. Re4 R4f5 36. Rc4 Qb6 37. Ra4 Rf7 38. c4 R7f6 39. Qd2 e4
40. Ra3 Qc5 41. Qe2 Re6 42. Re3 Rfe5 43. Re1 Qd4 44. b3 Kf8 45. Qa2 Qc5 46. Qa4
Ke7 47. Rg3 g6 48. Rh3 e3 49. Rhxe3 Rxe3 50. Rxe3 Rxe3 51. fxe3 Qxe3+ 52. Kf1
Qf4+ 1/2-1/2

[Event "Bottom-Half Class U1700"]
[Site "Romulus, MI"]
[Date "2002.06.22"]
[Round "3.14"]
[White "Hooks, Jerry"]
[Black "Steen, Harold"]
[Result "1-0"]
[WhiteElo "1534"]
[BlackElo "1642"]
[PlyCount "53"]
[EventDate "2002.06.21"]

1. c4 f5 2. d4 Nf6 3. Nc3 g6 4. g3 Bg7 5. Bg2 O-O 6. Nf3 d6 7. O-O Nc6 8. Bg5
a6 9. d5 Ne5 10. Nxe5 dxe5 11. Rc1 e4 12. Be3 Ng4 13. Bd4 Nf6 14. e3 Qe8 15. b3
g5 16. Qc2 g4 17. Rfd1 h5 18. Ne2 h4 19. Nf4 hxg3 20. hxg3 Kf7 21. Kf1 Rh8 22.
Ke2 Bh6 23. Rh1 Bxf4 24. exf4 Rxh1 25. Rxh1 b5 26. c5 a5 27. b4 {Remainder
illegible, 47?} 1-0

[Event "Bottom-Half Class U1700"]
[Site "Romulus, MI"]
[Date "2002.06.22"]
[Round "3.10"]
[White "Holden, Anthony"]
[Black "Robertson, John"]
[Result "0-1"]
[WhiteElo "1505"]
[BlackElo "1552"]
[PlyCount "73"]
[EventDate "2002.06.21"]

1. d4 d5 2. e3 Bf5 3. Ne2 Nf6 4. Ng3 Bg6 5. Bd3 Bxd3 6. Qxd3 e6 7. Qb5+ Nbd7 8.
Qxb7 Bd6 9. Nd2 O-O 10. Qa6 e5 11. Nf5 exd4 12. Nxd4 Nc5 13. Qe2 Re8 14. b3
Nce4 15. Bb2 Bb4 16. N4f3 Nxd2 17. Nxd2 Ne4 18. O-O-O Bxd2+ 19. Rxd2 Nxd2 20.
Qxd2 c6 21. Qd4 Qg5 22. Qd1 a5 23. a4 c5 24. h4 Qf5 25. Qe2 d4 26. g4 Qe4 27.
Re1 dxe3 28. fxe3 c4 29. Qxc4 Qxc4 30. bxc4 Rac8 31. c5 Rxc5 32. Bd4 Rc4 33. h5
Rxd4 34. exd4 Rxe1+ 35. Kd2 Ra1 36. Kd3 Kf8 37. Ke4 {Remainder illegible} 0-1

[Event "Bottom-Half Class U1900"]
[Site "Romulus, MI"]
[Date "2002.06.22"]
[Round "3.8"]
[White "Herndon, Robert"]
[Black "Burwell, Raymond"]
[Result "0-1"]
[WhiteElo "1868"]
[BlackElo "1758"]
[PlyCount "44"]
[EventDate "2002.06.21"]

1. e4 e5 2. Nf3 Nc6 3. Bb5 a6 4. Bxc6 dxc6 5. O-O Bd6 6. d4 Bg4 7. dxe5 Bxf3 8.
Qxf3 Bxe5 9. Qb3 Rb8 10. Nc3 Nf6 11. Be3 Ng4 12. g3 Nxe3 13. fxe3 O-O 14. Rf5
Qe7 15. Raf1 Bxc3 16. Qxc3 Qxe4 17. Re5 Qg4 18. Re7 Qg6 19. Rxc7 Qd6 20. Qa5 b6
21. Rfxf7 Rxf7 22. Rxf7 bxa5 0-1